| 000 | 00941cam a2200277 i 4500 | ||
|---|---|---|---|
| 999 |
_c200451048 _d69260 |
||
| 001 | 200451048 | ||
| 003 | TR-AnTOB | ||
| 005 | 20230810001218.0 | ||
| 007 | ta | ||
| 008 | 040122s1968 tu 000 0 tur d | ||
| 035 | _a(TR-AnTOB)200451048 | ||
| 040 |
_aTR-AnTOB _beng _erda _cTR-AnTOB |
||
| 041 | 0 | _atur | |
| 050 | 4 |
_aKKX1472 _b.T83 1968 |
|
| 090 |
_aKKX1472 _b.T83 1968 |
||
| 245 | 0 | 0 | _aTüccar, sanayici ve borsa mensupları sosyal güvenliği hakkında rapor. |
| 264 | 1 |
_aAnkara : _bTürkiye Ticaret Odaları, Sanayi Odaları ve Ticaret Borsaları Birliği, _c1968. |
|
| 300 |
_a248 pages : _c28 cm |
||
| 336 |
_atext _btxt _2rdacontent |
||
| 337 |
_aunmediated _bn _2rdamedia |
||
| 338 |
_avolume _bnc _2rdacarrier |
||
| 650 | 0 |
_aSosyal güvenlik _xHukuk ve mevzuat _zTürkiye _9103531 |
|
| 710 | 2 |
_aTürkiye Ticaret Odaları, Sanayi Odaları ve Ticaret Borsaları Birliği _965593 |
|
| 942 |
_2lcc _cBK |
||